Riconosci il Pokémon - Quiz n°435 - Statistics

Statistiche generali
  • Questo quiz è stato fatto 1 volte
  • Il punteggio medio è 2 su 10
Statistiche sulle risposte
Indizio Risposta % Corretto
Tipo Coleottero
100%
Generazione Quarta
100%
Altezza 1,0 m
0%
Peso 25,5 kg
0%
Tasso di cattura 45 (11.9%)
0%
Sesso 50% ♂, 50% ♀
0%
Abilità Aiutinsetto; Tecnico
0%
Pokémon Kricketune
0%
Tasso di allevamento Medio-Lento
0%
Stadio evoluzione Prima evoluzione
0%
Nessun quiz corrispondente trovato
Distribuzione punteggi
Percentuale di utenti per punteggio
Percentile per numero di risposta
I tuoi punteggi nel tempo
Non hai fatto questo quiz